000 00299nam a2200133Ia 4500
005 20251222144835.0
008 251222s9999||||xx |||||||||||||| ||spa||
020 _a88-16-40240-7
082 _a269/L35B
100 _aLeclercq, Jean
245 0 _aSan Bernardo:
264 _bJaca Book
942 _cLIB
999 _c21019
_d21019